<?xml version="1.0" encoding="UTF-8"?>
<record
    xmlns:xsi="http://www.w3.org/2001/XMLSchema-instance"
    xsi:schemaLocation="http://www.loc.gov/MARC21/slim http://www.loc.gov/standards/marcxml/schema/MARC21slim.xsd"
    xmlns="http://www.loc.gov/MARC21/slim">

  <leader>00606nas a22002177a 4500</leader>
  <controlfield tag="001">487</controlfield>
  <controlfield tag="003">BD-RjUL</controlfield>
  <controlfield tag="005">20211208233204.0</controlfield>
  <controlfield tag="008">131118c19959999bg an p       000 0 mul</controlfield>
  <datafield tag="035" ind1=" " ind2=" ">
    <subfield code="a">(BD-RjUL)</subfield>
  </datafield>
  <datafield tag="040" ind1=" " ind2=" ">
    <subfield code="a">BD-RjUL</subfield>
    <subfield code="c">BD-RjUL</subfield>
  </datafield>
  <datafield tag="245" ind1=" " ind2=" ">
    <subfield code="a">A Research Journal</subfield>
    <subfield code="c">Faculty of Arts, University of Rajshahi</subfield>
  </datafield>
  <datafield tag="260" ind1=" " ind2=" ">
    <subfield code="a">Rajshahi :</subfield>
    <subfield code="b">Faculty of Arts, Rajshahi University,</subfield>
    <subfield code="c">1995-</subfield>
  </datafield>
  <datafield tag="300" ind1=" " ind2=" ">
    <subfield code="a">V. ;</subfield>
    <subfield code="c">21 cm.</subfield>
  </datafield>
  <datafield tag="650" ind1=" " ind2=" ">
    <subfield code="a">Arts</subfield>
    <subfield code="v">Periodicals</subfield>
    <subfield code="9">1508</subfield>
  </datafield>
  <datafield tag="710" ind1=" " ind2=" ">
    <subfield code="a">University of Rajshahi</subfield>
    <subfield code="b"> (Faculty of Arts)</subfield>
    <subfield code="9">1944</subfield>
  </datafield>
  <datafield tag="942" ind1=" " ind2=" ">
    <subfield code="2">ddc</subfield>
    <subfield code="c">CR</subfield>
  </datafield>
  <datafield tag="999" ind1=" " ind2=" ">
    <subfield code="c">487</subfield>
    <subfield code="d">487</subfield>
  </datafield>
  <datafield tag="952" ind1=" " ind2=" ">
    <subfield code="0">0</subfield>
    <subfield code="1">0</subfield>
    <subfield code="2">ddc</subfield>
    <subfield code="4">0</subfield>
    <subfield code="5">1</subfield>
    <subfield code="7">1</subfield>
    <subfield code="8">NFIC</subfield>
    <subfield code="a">RUCL</subfield>
    <subfield code="b">RUCL</subfield>
    <subfield code="c">Serials Stack</subfield>
    <subfield code="d">2008-10-16</subfield>
    <subfield code="e">Gift, Faculty Arts University Rajshahi</subfield>
    <subfield code="h">Volume- 8   (2002-2003)</subfield>
    <subfield code="l">0</subfield>
    <subfield code="o">P 700.5 RES V.8 2002-03 </subfield>
    <subfield code="r">2013-11-18 00:00:00</subfield>
    <subfield code="w">2013-11-18</subfield>
    <subfield code="y">CR</subfield>
  </datafield>
  <datafield tag="952" ind1=" " ind2=" ">
    <subfield code="0">0</subfield>
    <subfield code="1">0</subfield>
    <subfield code="2">ddc</subfield>
    <subfield code="4">0</subfield>
    <subfield code="5">1</subfield>
    <subfield code="7">1</subfield>
    <subfield code="8">NFIC</subfield>
    <subfield code="a">RUCL</subfield>
    <subfield code="b">RUCL</subfield>
    <subfield code="c">Serials Stack</subfield>
    <subfield code="d">2007-07-07</subfield>
    <subfield code="e">Gift, Faculty Arts University Rajshahi</subfield>
    <subfield code="h">Volume 1   (1995)</subfield>
    <subfield code="l">0</subfield>
    <subfield code="o">P 700.5 RES V.1 1995</subfield>
    <subfield code="r">2013-11-19 00:00:00</subfield>
    <subfield code="w">2013-11-19</subfield>
    <subfield code="y">CR</subfield>
  </datafield>
  <datafield tag="952" ind1=" " ind2=" ">
    <subfield code="0">0</subfield>
    <subfield code="1">0</subfield>
    <subfield code="2">ddc</subfield>
    <subfield code="4">0</subfield>
    <subfield code="5">1</subfield>
    <subfield code="7">1</subfield>
    <subfield code="8">NFIC</subfield>
    <subfield code="a">RUCL</subfield>
    <subfield code="b">RUCL</subfield>
    <subfield code="c">Serials Stack</subfield>
    <subfield code="d">2005-03-23</subfield>
    <subfield code="e">Gift, Faculty Arts University Rajshahi</subfield>
    <subfield code="h">Volume- 10 (2004-2005)</subfield>
    <subfield code="l">0</subfield>
    <subfield code="o">P 700.5 RES V.10 2004-05</subfield>
    <subfield code="r">2013-11-19 00:00:00</subfield>
    <subfield code="w">2013-11-19</subfield>
    <subfield code="y">CR</subfield>
  </datafield>
  <datafield tag="952" ind1=" " ind2=" ">
    <subfield code="0">0</subfield>
    <subfield code="1">0</subfield>
    <subfield code="2">ddc</subfield>
    <subfield code="4">0</subfield>
    <subfield code="5">1</subfield>
    <subfield code="7">1</subfield>
    <subfield code="8">NFIC</subfield>
    <subfield code="a">RUCL</subfield>
    <subfield code="b">RUCL</subfield>
    <subfield code="c">Serials Stack</subfield>
    <subfield code="d">2006-03-01</subfield>
    <subfield code="e">Gift, Faculty Arts University Rajshahi</subfield>
    <subfield code="h">Volume- 11 (2006)</subfield>
    <subfield code="l">0</subfield>
    <subfield code="o">P 700.5 RES V.11 2006</subfield>
    <subfield code="r">2013-11-19 00:00:00</subfield>
    <subfield code="w">2013-11-19</subfield>
    <subfield code="y">CR</subfield>
  </datafield>
  <datafield tag="952" ind1=" " ind2=" ">
    <subfield code="0">0</subfield>
    <subfield code="1">0</subfield>
    <subfield code="2">ddc</subfield>
    <subfield code="4">0</subfield>
    <subfield code="5">1</subfield>
    <subfield code="7">1</subfield>
    <subfield code="8">NFIC</subfield>
    <subfield code="a">RUCL</subfield>
    <subfield code="b">RUCL</subfield>
    <subfield code="c">Serials Stack</subfield>
    <subfield code="d">2007-01-28</subfield>
    <subfield code="e">Gift, Faculty Arts University Rajshahi</subfield>
    <subfield code="h">Volume- 12 (2007)</subfield>
    <subfield code="l">0</subfield>
    <subfield code="o">P 700.5 RES V.12 2007</subfield>
    <subfield code="r">2013-11-19 00:00:00</subfield>
    <subfield code="w">2013-11-19</subfield>
    <subfield code="y">CR</subfield>
  </datafield>
  <datafield tag="952" ind1=" " ind2=" ">
    <subfield code="0">0</subfield>
    <subfield code="1">0</subfield>
    <subfield code="2">ddc</subfield>
    <subfield code="4">0</subfield>
    <subfield code="5">1</subfield>
    <subfield code="7">1</subfield>
    <subfield code="8">NFIC</subfield>
    <subfield code="a">RUCL</subfield>
    <subfield code="b">RUCL</subfield>
    <subfield code="c">Serials Stack</subfield>
    <subfield code="d">2007-11-14</subfield>
    <subfield code="e">Gift, Faculty Arts University Rajshahi</subfield>
    <subfield code="h">Volume- 13 (2008)</subfield>
    <subfield code="l">0</subfield>
    <subfield code="o">P 700.5 RES V.13 2008</subfield>
    <subfield code="r">2013-11-19 00:00:00</subfield>
    <subfield code="w">2013-11-19</subfield>
    <subfield code="y">CR</subfield>
  </datafield>
  <datafield tag="952" ind1=" " ind2=" ">
    <subfield code="0">0</subfield>
    <subfield code="1">0</subfield>
    <subfield code="2">ddc</subfield>
    <subfield code="4">0</subfield>
    <subfield code="5">1</subfield>
    <subfield code="7">1</subfield>
    <subfield code="8">NFIC</subfield>
    <subfield code="a">RUCL</subfield>
    <subfield code="b">RUCL</subfield>
    <subfield code="c">Serials Stack</subfield>
    <subfield code="d">2013-11-19</subfield>
    <subfield code="e">Gift, Faculty Arts University Rajshahi</subfield>
    <subfield code="h">Volume- 14 (2008-2009)</subfield>
    <subfield code="l">0</subfield>
    <subfield code="o">P 700.5 RES V.2008-09</subfield>
    <subfield code="r">2013-11-19 00:00:00</subfield>
    <subfield code="w">2013-11-19</subfield>
    <subfield code="y">CR</subfield>
  </datafield>
</record>
